Statistics for 2024 Formula One Teams

Click here to take the quiz!

General Stats

  • This quiz has been taken 52,823 times
  • The average score is 9 of 10

Answer Stats

Team% Correct
Ferrari
97%
Mercedes
96%
Red Bull
96%
McLaren
91%
Aston Martin
82%
Williams
82%
Haas
81%
RB
79%
Alpine
78%
Sauber
75%

Score Distribution

Percentile by Number Answered

Percent of People with Each Score

Your Score History

You have not taken this quiz